Riconosci lo Stadio italiano del satellite - Quiz n°4 - Statistics

Statistiche generali
  • Questo quiz è stato fatto 15 volte
  • Il punteggio medio è 8 su 12
Statistiche sulle risposte
con Immagini Risposta % Corretto
Stadio Artemio Franchi - Firenze
92%
Unipol Domus - Cagliari
92%
Stadio Adriatico-Giovanni Cornacchia - Pescara
83%
Stadio Libero Liberati - Terni
83%
Stadio Renato Curi - Perugia
83%
Stadio Renato Dall'Ara - Bologna
83%
Stadio Armando Picchi - Livorno
75%
Stadio Erasmo Iacovone - Taranto
75%
Stadio Nicola Ceravolo - Catanzaro
50%
Stadio Romeo Menti - Castellammare di Stabia
50%
Avicor Stadium Selvapiana - Campobasso
42%
Stadio Gran Sasso d'Italia-Italo Acconcia - L'Aquila
33%
Nessun quiz corrispondente trovato
Distribuzione punteggi
Percentuale di utenti per punteggio
Percentile per numero di risposta
I tuoi punteggi nel tempo
Non hai fatto questo quiz